000 00563nam a2200241 a 4500
001 nice12345678
003 IN_TiNIC
005 20260116011512.0
008 050524s1960 chia grp 000 0 eng
020 _a
_c136
082 0 0 _a241
_bBIN
100 _aBingham, Geoffrey
245 _aCross Without Velvet
260 _aChicago
_bMoody Press
_c1960
300 _a96p
500 _aincludes index and biblioraphy
505 2 _aIndex
650 _aChristian-Ethics
700 1 _aBingham, Geoffrey
902 _bSRS
942 _cBK
999 _c2095
_d2095